000 00654nam a2200253Ia 4500
003 OSt
005 20221007112656.0
006 a|||||r|||| 00| 0
007 ta
008 221006b |||||||| |||| 00| 0 eng d
024 _a29,158
037 _cTextual
040 _aLCO
_cLCO
_beng
041 _2eng
_aeng
082 _aV1:5, Q2
100 _aNoorani A.G
245 0 _aChallenges to Civil Rights Guarantees In India
250 _a1st
260 _aNew
_bDelhi Oxford University Press India
_c2012
300 _a283
650 _aCIVIL RIGHTS
_9221359
942 _hV1:5, Q2
_cTEXL
999 _c1198721
_d1198721